| 000 | 01830nam a2200409Ia 4500 | ||
|---|---|---|---|
| 001 | ebr10135737 | ||
| 003 | CaPaEBR | ||
| 006 | m u | ||
| 007 | cr cn||||||||| | ||
| 008 | 050329s2005 nyu sb 001 0 eng d | ||
| 010 | _z 2005047561 | ||
| 020 | _z1403977186 | ||
| 020 | _z1403964645 | ||
| 020 | _z1403964653 (pbk.) | ||
| 040 |
_aCaPaEBR _cCaPaEBR |
||
| 035 | _a(OCoLC)560538177 | ||
| 050 | 1 | 4 |
_aF2849.2 _b.K34 2005eb |
| 082 | 0 | 4 |
_a982/.024 _222 |
| 100 | 1 |
_aKaiser, Susana, _d1945- |
|
| 245 | 1 | 0 |
_aPostmemories of terror _h[electronic resource] : _ba new generation copes with the legacy of the "Dirty War" / _cSusana Kaiser. |
| 260 |
_aNew York : _bPalgrave Macmillan, _cc2005. |
||
| 300 | _axii, 242 p. | ||
| 490 | 1 | _aPalgrave studies in oral history | |
| 504 | _aIncludes bibliographical references (p. [225]-231) and index. | ||
| 533 |
_aElectronic reproduction. _bPalo Alto, Calif. : _cebrary, _d2009. _nAvailable via World Wide Web. _nAccess may be limited to ebrary affiliated libraries. |
||
| 650 | 0 |
_aState-sponsored terrorism _zArgentina _xPsychological aspects. |
|
| 650 | 0 |
_aMemory _xSocial aspects _zArgentina _zBuenos Aires Metropolitan Area _xHistory _y20th century. |
|
| 650 | 0 |
_aYouth _zArgentina _zBuenos Aires Metropolitan Area _xAttitudes. |
|
| 650 | 0 |
_aYouth _zArgentina _zBuenos Aires Metropolitan Area _vInterviews. |
|
| 650 | 0 |
_aPublic opinion _zArgentina _zBuenos Aires Metropolitan Area. |
|
| 651 | 0 |
_aArgentina _xHistory _yDirty War, 1976-1983 _xInfluence. |
|
| 651 | 0 |
_aArgentina _xHistory _yDirty War, 1976-1983 _xPublic opinion. |
|
| 655 | 7 |
_aElectronic books. _2local |
|
| 710 | 2 | _aebrary, Inc. | |
| 830 | 0 | _aPalgrave studies in oral history. | |
| 856 | 4 | 0 |
_uhttp://site.ebrary.com/lib/rucke/Doc?id=10135737 _zAn electronic book accessible through the World Wide Web; click to view |
| 999 |
_c189336 _d189336 |
||